| 000 | 00774nam a2200253 c 4500 | ||
|---|---|---|---|
| 001 | a5132007 | ||
| 003 | CO-ViMGA | ||
| 005 | 20230915233127.0 | ||
| 008 | 111116s2011 sp a | |||| 000 1 spa | ||
| 020 | _a9788426138446 | ||
| 040 |
_aCO-ViMGA _bspa _cCO-ViMGA |
||
| 041 | 1 | _hfre | |
| 082 | 0 | 4 | _bA CARq |
| 100 | 1 |
_aCarlain, Noé _92945 |
|
| 240 | 1 | 0 |
_aCe que lisent les animaux avant de dormir _lEspañol |
| 245 | 1 | 0 |
_aQu ľeen los animales antes de dormir _cNoé Carlain ; Nicolas Duffaut ; [traducción̤ de Teresa Farran] |
| 250 | _a1a. ed. | ||
| 260 |
_aBarcelona _bJuventud _c2011 |
||
| 300 |
_a[42] p. _bil. col. _c32 cm |
||
| 650 | 1 | 4 |
_aLiteratura infantil francesa _92946 |
| 700 | 1 |
_aDuffaut, Nicolas _92947 |
|
| 700 | 1 |
_aFarran, Teresa _9403 |
|
| 942 |
_2ddc _cBK |
||
| 999 |
_c35391 _d35391 |
||